00579nam a22002057a 450000500170000001000130001702000100003003500130004003700160005304000120006908200190008110000150010024500650011526000560018027000510023630000330028750000200032065000190034065000140035920170124105932.0 aA-901635 c00.00 aA-901635 bCen Lib/Ret aDPLbEN a330.02462bJAI aJain, S.K. aApplied economics for engineers and managers /cby S.K. Jain aNew DelhibVikash Publication House Pvt. Ltd.c1997 a576 Masjid Road, Jungpura bNew Delhie110014 axiii;468p. :bill.c22cm(Hb) aIncludes index. aSocial Science aEconomics